| 000 | 00588nam a22002171a 4500 | ||
|---|---|---|---|
| 001 | 2565 | ||
| 003 | OSt | ||
| 005 | 20260204211817.0 | ||
| 008 | 040311s2003||||mx ||||||b||||||||||spa|| | ||
| 020 | _a9701028422 | ||
| 050 | _a658.15 R734f | ||
| 082 | _a658.15 R734f | ||
| 100 | _aRoss, Stephen A. | ||
| 245 | _aFundamentos de finanzas corporativas / Stephen Ross | ||
| 264 | _aMéxico : McGraw-Hill | ||
| 300 | _a757 p. | ||
| 500 | _aIncluye CD | ||
| 650 | _a1.Administración Financiera 2.Finanzas | ||
| 700 | _aWesterfield, Randolph W. II. Jordan, BradfordÌ | ||
| 942 |
_2ddc _cBK |
||
| 999 |
_c2565 _d2565 |
||